| 000 | 00782nam a22002417a 4500 | ||
|---|---|---|---|
| 003 | SISC | ||
| 005 | 20180725092420.0 | ||
| 008 | 180725b xxu||||| |||| 00| 0 eng d | ||
| 020 | _a9789719804543 | ||
| 050 |
_aPE 1408 _b.B377 2016 |
||
| 100 | _aBarrot, Jessie S. | ||
| 245 |
_aAcademic reading & writing for senior high school / _cJessie S. Barrot |
||
| 260 |
_aQuezon City : _bC & E Publishing, _cc2016. |
||
| 300 |
_ax, 322 pages : _bcolor illustrations ; _c27 cm. |
||
| 500 | _aIncludes bibliographical references. | ||
| 650 |
_aEnglish language _vComposition and exercises |
||
| 650 | _aAcademic writing | ||
| 650 |
_aEnglish language _xRhetoric |
||
| 650 |
_aEnglish language _xGrammar |
||
| 650 | _aReading (Higher Education) | ||
| 942 |
_2lcc _cBK |
||
| 999 |
_c358179 _d358179 |
||